The human use of human beings : (Record no. 184760)
[ view plain ]
| 000 -LEADER | |
|---|---|
| fixed length control field | 01035 a2200181 4500 |
| 003 - CONTROL NUMBER IDENTIFIER | |
| control field | NUST |
| 005 - DATE AND TIME OF LATEST TRANSACTION | |
| control field | 20221213182743.0 |
| 020 ## - INTERNATIONAL STANDARD BOOK NUMBER | |
| International Standard Book Number | 0380506823 |
| 040 ## - CATALOGING SOURCE | |
| Transcribing agency | Nust |
| 082 ## - DEWEY DECIMAL CLASSIFICATION NUMBER | |
| Classification number | 303.483,WLE |
| 100 ## - MAIN ENTRY--PERSONAL NAME | |
| Personal name | Wiener, Norbert, |
| 9 (RLIN) | 36464 |
| 245 ## - TITLE STATEMENT | |
| Title | The human use of human beings : |
| Remainder of title | cybernetics and society / |
| Statement of responsibility, etc. | by Norbert Wiener. |
| 260 ## - PUBLICATION, DISTRIBUTION, ETC. | |
| Place of publication, distribution, etc. | Garden City, |
| Name of publisher, distributor, etc. | New York : |
| Date of publication, distribution, etc. | 1954.. |
| 300 ## - PHYSICAL DESCRIPTION | |
| Extent | 199 p.; |
| Other physical details | 18 cm. |
| 505 ## - FORMATTED CONTENTS NOTE | |
| Formatted contents note | Cybernetics in History (Page-23), Progress and Entropy (Page-41), Rigidity and Learning: Two patterns of Communicative Behavior (Page-67), The Mechanism and History of Language (Page-101), Organization as the Message (Page-129), Law and Communication (Page-143), Communication, Secrecy, and Social policy (Page-153), Role of the intellectual and the Scientist (Page-179), The First and the Second industrial Revolution (Page-185), Some Communication Machines and Their Future (Page-223), Language, Confusion, and Jam (Page-255). |
| 650 ## - SUBJECT ADDED ENTRY--TOPICAL TERM | |
| Topical term or geographic name entry element | The human use of human beings |
| 9 (RLIN) | 104806 |
| 942 ## - ADDED ENTRY ELEMENTS (KOHA) | |
| Source of classification or shelving scheme | |
| Koha item type | Book |
| Call number prefix | 303.483,WLE |
| Withdrawn status | Lost status | Source of classification or shelving scheme | Damaged status | Not for loan | Permanent Location | Current Location | Shelving location | Date acquired | Full call number | Barcode | Date last seen | Price effective from | Koha item type | Public note |
|---|---|---|---|---|---|---|---|---|---|---|---|---|---|---|
| Military College of Signals (MCS) | Military College of Signals (MCS) | General Stacks | 12/12/2016 | 303.483,WLE | MCS80 | 12/08/2016 | 12/12/2016 | Book | Almirah No.49, Shelf No.1 |
